5HLuxD.jpg

KING HENRY VIII SENIOR AND PRIMARY SCHOOL LIBRARY OPAC

THE WITCHES (Record no. 5488)

000 -LEADER
fixed length control field 00306nam a22001217a 4500
008 - FIXED-LENGTH DATA ELEMENTS--GENERAL INFORMATION
fixed length control field 250925b ||||| |||| 00| 0 eng d
020 ## - INTERNATIONAL STANDARD BOOK NUMBER
International Standard Book Number 9780141371481
082 ## - DEWEY DECIMAL CLASSIFICATION NUMBER
Classification number 823.914 DAH
100 ## - MAIN ENTRY--PERSONAL NAME
Personal name DAHL,ROALD
Relator term AUTHOR
Language of a work ENGLISH
245 ## - TITLE STATEMENT
Title THE WITCHES
260 ## - PUBLICATION, DISTRIBUTION, ETC.
Place of publication, distribution, etc. GREAT BRITAIN
Name of publisher, distributor, etc. PUFFIN BOOKS
Date of publication, distribution, etc. 2016
942 ## - ADDED ENTRY ELEMENTS (KOHA)
Source of classification or shelving scheme
Holdings
Withdrawn status Lost status Source of classification or shelving scheme Damaged status Not for loan Collection code Permanent Location Current Location Shelving location Date acquired Total Checkouts Full call number Barcode Date due Date last seen Date last checked out Price effective from Koha item type Public note
          Fiction KH8 Primary School Library KH8 Primary School Library Fiction 2025-09-25 3 823.914 DAH KHPL000007189 2026-04-16 2026-04-08 2026-04-08 2025-09-25 Books - Fiction PRIMARY LIBRARY

Powered By KH8 IT Dept